=LDR 00000nam 2200000 4500 =001 INLIS000000000007245 =005 20200703053742 =035 ##$$a 0010-061300000007245 =008 200703################g##########0#ind## =041 ##$$a Ind =082 ##$$a 2x5 =090 ##$$a 2x0, Tod d =100 #$$a Tajab, =245 1#$$a Dimensi-dimensi studi Islam, Drs. Tadjab MA, Drs. Muhaimin, MD, Drs. Mujib /$c Drs. Tadjab MA, Drs. Muhaimin, MD, Drs. Mujib =260 ##$$a Surabaya :$b Karya Abditama,$c 1994 =300 ##$$a 347 hlm., ; $c 13 x 21 cm =650 #4$$a Islam =700 #$$a Muhaimin =850 ##$$a NBPNMAT =020 ##$$a 979-8571-07-X =084 ##$$a 2x5 TAJ d =250 ##$$a cet.1 =990 ##$$a 75.135/Pro-94 =990 ##$$a 79.853/Pb.94 =990 ##$$a 00055396 =990 ##$$a 00087520